书目信息 |
| 题名: |
世界现代史
|
|
| 作者: | 王斯德 主编 | |
| 分册: | ||
| 出版信息: | 北京 高等教育出版社 1988 |
|
| 页数: | 489页 | |
| 开本: | 20cm | |
| 丛书名: | ||
| 单 册: | ||
| 中图分类: | K15 | |
| 科图分类: | ||
| 主题词: | 世界史:现代史 | |
| 电子资源: | ||
| ISBN: | 7-04-000953-6 | |
| 000 | 00514nam0 2200181 45 | |
| 001 | 2633978511 | |
| 005 | 20260414092727.38 | |
| 010 | @a7-04-000953-6@dCNY16.30 | |
| 100 | @a20020701e19881988km y0chiy0120 ea | |
| 101 | 0 | @achi |
| 200 | 1 | @a世界现代史@AShi Jie Xian Dai Shi@f王斯德主编@FWang Si De Zhu Bian |
| 210 | @a北京@c高等教育出版社@d1988@h2001重印 | |
| 215 | @a489页@d20cm | |
| 606 | 0 | @a世界史:现代史 |
| 690 | @aK15@v4 | |
| 701 | 0 | @a王斯德@4主编 |
| 801 | @aCN@bTSTC@c20070702 | |
| 905 | @b312646-655@dK15@e415@f10 | |
| 世界现代史/王斯德主编.-北京:高等教育出版社,1988(2001重印) |
| 489页;20cm |
| ISBN 7-04-000953-6:CNY16.30 |
| ● |
| 相关链接 |
|
|
|
|
正题名:世界现代史
索取号:K15/415
 
预约/预借
| 序号 | 登录号 | 条形码 | 馆藏地/架位号 | 状态 | 备注 |
| 1 | 1442608 | 214426085 | 第二样本阅览室/ [索取号:K15/415] | 在馆 |